| 000 | 00851njm a2200301 c 4500 | ||
|---|---|---|---|
| 003 | BLK | ||
| 005 | 20240531162613.0 | ||
| 008 | 180410b bul||n||s|||||||| n|bulo| | ||
| 010 | _aCDD00003461000 | ||
| 040 | _aBLK | ||
| 041 |
_aBUL _cBUL |
||
| 080 |
_aКомедии _b791.221.2 _z791.221.2 |
||
| 139 |
_aЕдна нощ в Роксбъри [видео DVD] _bЕ 32 |
||
| 245 | 1 | 0 | _aЕдна нощ в Роксбъри [видео DVD] |
| 257 | _aBGR | ||
| 260 |
_bАлександра видео _c2000 |
||
| 300 |
_a100 min _bцв. _c12 см |
||
| 380 | _a7 | ||
| 590 | _aS.N: 89829 от КНИГИ | ||
| 852 |
_aЦб CD 4956 _p0 |
||
| 856 | 4 |
_qpdf _u |
|
| 856 | 4 |
_qpdf _u |
|
| 942 |
_cCDD _n0 _s1 |
||
| 944 |
_aCR _c10.06.2009 _k30552 _lВиолета Тройчева |
||
| 944 |
_aED _c10.06.2009 |
||
| 999 |
_c220975 _d220975 |
||
| 999 | _d220975 | ||
| 999 | _d220975 | ||